| 000 | 00889nam a2200277 a 4500 | ||
|---|---|---|---|
| 001 | 78380 | ||
| 003 | BD-RjUL | ||
| 005 | 20211209083125.0 | ||
| 008 | 210915s1960 nyua 000 0 eng | ||
| 035 | _a(BD-RjUL)78606 | ||
| 040 |
_aDLC _cFM _dOCoLC _dDLC _dBD-RjUL _beng |
||
| 041 | _aeng | ||
| 042 | _apremarc | ||
| 082 |
_223 _a621.31913 _bKEA 1960 |
||
| 100 | 1 |
_aKerchner, Russell M. _q(Russell Marion), _d1899-1978. _9196322 |
|
| 245 | 1 | 0 |
_aAlternating-current circuits / _c[by] Russell M. Kerchner [and] George F. Corcoran. |
| 250 | _a4th ed. | ||
| 260 |
_aNew Delhi ; _aNew York : _bWiley _c1960 |
||
| 300 |
_a602 p.: _billus.; _c24 cm. |
||
| 650 | 0 |
_aElectric currents, Alternating. _9247920 |
|
| 650 | 0 |
_aElectric circuits. _9247921 |
|
| 700 | 1 |
_aCorcoran, George F. _q(George Francis), _d1900- _9247927 |
|
| 942 |
_2ddc _cBK |
||
| 999 |
_c78380 _d78380 |
||